Hoogst Gelegen Hoofdsteden - Statistieken

Algemene statistieken
  • Deze quiz is 887 keer genomen
  • De gemiddelde score is 8 van 20
Antwoordstatistieken
Hoogte Land Hoofdstad % Correct
2.240 m Mexico Mexico-Stad
73%
2.850 m Ecuador Quito
73%
2.625 m Colombia Bogota
70%
3.640 m Bolivia La Paz
68%
1.400 m Nepal Kathmandu
67%
1.795 m Kenia Nairobi
52%
2.648 m Bhutan Thimphu
47%
2.750 m Bolivia Sucre
45%
2.355 m Ethiopië Addis Abeba
40%
1.529 m Guatemala Guatemala-Stad
38%
1.790 m Afghanistan Kabul
35%
1.567 m Rwanda Kigali
34%
1.350 m Mongolië Ulaanbaatar
34%
1.504 m Burundi Gitega
24%
1.483 m Zimbabwe Harare
24%
1.673 m Lesotho Maseru
23%
1.721 m Namibië Windhoek
22%
1.400 m Zuid-Afrika Bloemfontein
21%
2.325 m Eritrea Asmara
18%
2.250 m Jemen Sanaa
11%
Geen overeenkomende quizzen gevonden
Scoreverdeling
Procent van Mensen met Elke Score
Percentiel versus Aantal Correcte Antwoorden
Uw Scoregeschiedenis
U heeft deze quiz nog niet genomen